Anecdotes musicales des années 2010. - Statistiques

Statistiques générales
  • Ce quiz a été pris 364 fois
  • Le résultat moyen est 14 sur 20
Statistiques - réponses
Question Réponse % Correct
Nom du hit chanté par Shakira, hymne de la coupe du monde 2010. Waka waka
93%
Quel est le prénom de la célèbre taupe, interprète du hit "Mignon mignon" ? René
87%
Émission de télé-crochet ayant révélé notamment "Louane", "Claudio Capéo" ou "Slimane". The voice
87%
Emission de télé diffusé sur TF1, dans laquelle des célébrités chantent, cachées sous des costumes, et ne doivent pas se faire démasquer. Mask singer
83%
De quoi était composé la robe de Lady Gaga lors des MTV Video Music Awards 2010 ? Viande
83%
Quelle chanson de Psy a été la première vidéo YouTube à être visionnée 1 milliard de fois ? Gangnam Style
80%
Rappeur Belge, frère de la chanteuse Angèle. Roméo Elvis
80%
Complétez les paroles du premier hit de la chanteuse Sia :"I'm gonna swing from the ___" Chandelier
79%
Quel célèbre rockeur français est décédé le 5 décembre 2017 ? Johnny Hallyday
76%
D'après sa chanson, dans quelle ville d'Amérique latine trouveriez-vous le cœur de Camila Cabello ? (Ooh na-na) Havana
73%
Où le chanteur Hozier voulait-il que vous l'emmeniez ? (take me to ____) church
72%
Quelle chanson de Mark Ronson et Bruno Mars a dominé les ondes radio au printemps 2015 ? Uptown Funk
70%
Quel a été le boys-band le plus vendu de la décennie ? One Direction
69%
Quelles sont les deux chanteuses qui ont enregistré le plus de vente aux États-Unis au cours de la décennie ? Rihanna
66%
Quel mouvement de danse Miley Cyrus a-t-elle interprété aux Video Music Awards ? Le twerk
65%
Nom du groupe Français ayant interprété l'un des tubes de 2017, "À nos souvenirs" Trois cafés gourmands
59%
Qui était le chanteur principal de Maroon 5 ? Adam Levine
53%
Nationalité de la chanteuse Carly Rae Jepsen découverte en 2011 grâce à son hit "Call me maybe". Canadienne
50%
Humouriste Belge, gagnante de la "France à un incroyable talent" en 2017 grâce à ces chansons aux paroles "décalées". Laura Laune
33%
Katty Perry
22%
Aucun quiz correspondant
Distribution des résultats
% des personnes avec chaque résultat
Percentile par nombre de réponses
Votre historique - résultats
Vous n’avez pas pris ce quiz